000 00677nam a2200229Ia 4500
003 GCL
008 140319s9999 xx 000 0 ara d
040 _aGCL /
_cGCL
082 0 4 _a621.69
_bع د
100 1 _aمجدى كامل
245 1 0 _aالدليل الفنى للطلمبات /
_cمجدى كامل
700 1 _aمحمد عبدالله
700 1 _aعلى مصطفى فرج
700 1 _aمحمد حسنين
250 _aالاولى
300 _a474 ص ؛
_c30 سم
650 0 4 _aالطلمبات
650 0 4 _aالطلمبات الالية
650 0 4 _aالطلمبات - اختبار
650 0 4 _aالطلمبات الدوارة
942 _2ddc
_cBK
999 _c57919
_d57919